Guess the One Direction song with no hints #33 - Statistics

General Stats
  • This quiz has been taken 63 times
  • The average score is 236 of 333
Answer Stats
Answer % Correct
a
100%
you
100%
the
96%
me
93%
And
91%
and
91%
to
91%
when
91%
be
87%
Her
87%
her
87%
is
87%
it
87%
It
87%
like
87%
she
87%
no
85%
of
85%
want
80%
We're
80%
Does
78%
Just
78%
night
78%
(Ooh)
78%
Ooh,
78%
ooh,
78%
ooh
78%
Ooh
78%
that
78%
all
76%
how
76%
too
76%
you've
76%
baby
74%
been
74%
I've
74%
up
74%
will
74%
But
72%
change
72%
change,
72%
doesn't
72%
ever
72%
never
72%
there's
72%
off
70%
she's
70%
She's
70%
Everything
67%
for
67%
know
67%
out
67%
are
65%
fast,
65%
fast
65%
Goin'
65%
had,
65%
nothin'
65%
somethin'
65%
changes
63%
changes?
63%
mother
63%
only
63%
really
63%
wake
63%
about
61%
afraid
61%
dress
61%
Even
61%
even
61%
kind
61%
(Ooh)
61%
tonight,
61%
won't
61%
drive
59%
gettin'
59%
Havin'
59%
into
59%
older,
59%
red
59%
crazy
57%
Disappearin'
54%
forget
54%
showin'
54%
wants
54%
dreamed
52%
Drivin'
52%
hair
52%
moon
52%
regrets
52%
through
52%
head
50%
lately
50%
stop
50%
thinkin'
50%
yet
50%
skin
48%
fallin',
46%
Heart
46%
waitin',
46%
behind
43%
cigarette
43%
hides
41%
lightin'
41%
He's
39%
Movin'
39%
breakin'
37%
lost
37%
(Ah-ah-ah)
33%
innocence
33%
missin'
33%
piece
33%
beatin'
30%
Chasin'
30%
doubts
30%
Reminds
30%
runnin'
30%
headin'
28%
loud
28%
round
26%
No matching quizzes found
Score Distribution
Percent of People with Each Score
Percentile by Number Answered
Your Score History
You have not taken this quiz